MARC

LEADER 00000cas a2200000 a 4500
001 vtls010299849
003 SK-MaSNL
005 20260228163319.0
008 110810d19521991xo er p 0 b0slo
022 |a 0322-7707 
040 |a SNK  |b slo  |c SNK  |e AACR2 
041 0 |a slo 
044 |a xo  |c SK 
072 7 |a 5  |x Prírodné vedy. Matematické vedy  |2 konspekt 
072 7 |a 3  |x Spoločenské vedy  |2 konspekt 
072 7 |a 00  |x Veda. Všeobecnosti. Základy vedy a kultúry. Vedecká práca  |2 konspekt 
080 |a 5  |2 2001 
080 |a 3  |2 2001 
080 |a 502/504  |2 2001 
080 |a (050)  |2 2001 
080 |a 001  |2 2001 
080 |a 502.2  |2 2001 
210 0 |a Prír. spol. 
222 0 |a Príroda a spoločnosť 
245 0 0 |a Príroda a spoločnosť 
246 1 3 |a pas 
260 |a Martin  |b Matica slovenská  |c 1952-1991 
260 2 |3 2/1953-12/1958  |a Martin  |b Vydavateľstvo Osveta v Martine 
260 2 |3 1/1959-22/1965  |a Bratislava  |b Československá spoločnosť pre šírenie politických a vedeckých poznatkov  |b Vydavateľstvo Osveta v Bratislave 
260 2 |3 23/1965-1990  |a Bratislava  |b Socialistická akadémia  |b Vydavateľstvo Obzor 
260 3 |3 1991  |a Bratislava  |b Gemial Astra Press 
300 |a 40 zv.  |c 21 cm 
310 |a 1x za 2 týždne  |b 1/1961-8/1991 
321 |a 1x mesačne  |b 1/1952-12/1958 
321 |a 2x mesačne  |b 1/1959-24/1960 
362 0 |a Roč. I, č. 1 (1952)-roč. 40, č. 8 (1991) 
500 |a V tiráži: mesačník pre popularizáciu vied, od č. 11/(nov. 1953) orgán Československej spoločností pre šírenie politických a vedeckých poznatkov na Slovensku, od č. 1/(1958) populárnovedecký mesačník Čs. spoločnosti pre šírenie politických a vedeckých poznatkov na Slovensku, od č. 11/(1959) populárnovedecký dvojtýždenník 
500 |a Redaktori sa menia 
500 |a Mal maďarskú mutáciu Természet és társadalom 
580 |a Nadviazal na časopis Slovensko 
650 0 7 |a veda  |2 SNKPH  |9 1599 
650 0 7 |a spoločenské vedy  |2 SNKPH  |9 70105 
650 0 7 |a prírodné vedy  |2 SNKPH  |9 694 
650 0 7 |a životné prostredie  |2 SNKPH  |9 786 
650 0 7 |a príroda  |2 SNKPH  |9 3813 
655 7 |a populárno-náučné časopisy  |2 SNKPH  |9 70770 
775 0 |t Természet és társadalom  |w vtls010299922 
780 0 0 |t Slovensko  |w vtls010302187 
916 |a 1952-1991 
958 |a OND 
999 |c 9213  |d 11143 
952 |t č. 14-26  |a SNK  |b SNK  |y PREZ  |7 0  |p 17A0211694  |o snkČSD 132/18/1969/2 D1  |0 0  |1 0  |4 0  |d 1999-09-23  |l 0  |r 2005-01-02 00:00:00  |w 2026-02-21 
952 |t č. 1-13  |a SNK  |b SNK  |y PREZ  |7 0  |p 17A0211500  |o snkČSD 132/18/1969/1  |i snkČSP 49/70  |8 0  |f 1  |0 0  |1 0  |4 0  |d 1999-09-23  |l 0  |r 2005-01-02 00:00:00  |w 2026-02-21 
952 |t č. 1-13  |a SNK  |b SNK  |y PREZ  |7 0  |p 17A0373041  |o snkČSD 132/18/1969/1 D1  |8 0  |0 0  |1 0  |4 0  |d 2003-02-07  |l 0  |r 2005-01-02 00:00:00  |w 2026-02-21 
952 |t č. 1-13  |a SNK  |b SNK  |y PREZ  |7 0  |p 17A0223848  |o snkČSD 132/24/1975/1 D1  |8 0  |0 0  |1 0  |4 0  |d 2000-01-18  |l 1  |r 2026-03-11 16:54:38  |s 2026-03-11  |w 2026-02-21 
952 |t č. 14-26  |a SNK  |b SNK  |y PREZ  |7 0  |p 17A0344069  |o snkČSD 132/25/1976/2  |i snkČSP 532/77  |8 0  |f 1  |0 0  |1 0  |4 0  |d 2002-05-29  |l 0  |r 2005-01-02 00:00:00  |w 2026-02-21 
952 |t č. 1-13  |a SNK  |b SNK  |y PREZ  |7 0  |p 17A0344593  |o snkČSD 132/25/1976/1  |i snkČSP 330/77  |8 0  |f 1  |0 0  |1 0  |4 0  |d 2002-05-29  |l 0  |r 2005-01-02 00:00:00  |w 2026-02-21 
952 |t č. 14-26  |a SNK  |b SNK  |y PREZ  |7 0  |p 17A0370290  |o snkČSD 132/26/1977/2 D1  |8 0  |0 0  |1 0  |4 0  |d 2003-01-16  |l 1  |r 2026-03-17 15:05:26  |s 2026-03-17  |w 2026-02-21 
952 |t č. 1-13  |a SNK  |b SNK  |y PREZ  |7 0  |p 17A0370367  |o snkČSD 132/26/1977/1 D1  |8 0  |0 0  |1 0  |4 0  |d 2003-01-16  |l 1  |r 2026-03-17 15:05:23  |s 2026-03-17  |w 2026-02-21 
952 |t č. 1-13  |a SNK  |b SNK  |y PREZ  |7 0  |p 17A0621587  |o snkČSD 132/17/1968/1  |i snkČSP 388/69  |f 1  |0 0  |1 0  |4 0  |d 2009-07-07  |l 0  |r 2026-02-21 19:31:04  |w 2026-02-21 
952 |t č. 1-12  |a SNK  |b SNK  |y PREZ  |7 0  |p 17A0621924  |o snkČSD 132/9/1960/1  |i snkČSP 1065/61  |f 1  |0 0  |1 0  |4 0  |d 2009-07-07  |l 0  |r 2026-02-21 19:31:04  |w 2026-02-21 
952 |t č. 14-24  |a SNK  |b SNK  |y PREZ  |7 0  |p 17A0621923  |o snkČSD 132/9/1960/2 D1  |i snkČSP 1065/60  |0 0  |1 0  |4 0  |d 2009-07-07  |l 0  |r 2026-02-21 19:31:04  |w 2026-02-21 
952 |t č. 1-12  |a SNK  |b SNK  |y PREZ  |7 0  |p 17A0231791  |o snkČSD 132/5/1956/D2  |0 0  |1 0  |4 0  |d 2000-03-21  |l 0  |r 2005-01-02 00:00:00  |w 2026-02-21 
952 |t č. 14-26  |a SNK  |b SNK  |y PREZ  |7 0  |p 17A0240003  |o snkČSD 132/28/1979/2 D1  |0 0  |1 0  |4 0  |d 2000-05-20  |l 0  |r 2005-01-02 00:00:00  |w 2026-02-21 
952 |t č. 14-26  |a SNK  |b SNK  |y PREZ  |7 0  |p 17A0317679  |o snkČSD 132/28/1979/2  |i snkČSP 597/80  |f 1  |0 0  |1 0  |4 0  |d 2001-10-03  |l 0  |r 2005-01-02 00:00:00  |w 2026-02-21 
952 |t č. 1-13  |a SNK  |b SNK  |y PREZ  |7 0  |p 17A0240004  |o snkČSD 132/28/1979/1 D1  |0 0  |1 0  |4 0  |d 2000-05-20  |l 0  |r 2005-01-02 00:00:00  |w 2026-02-21 
952 |t č. 14-26  |a SNK  |b SNK  |y PREZ  |7 0  |p 17A1317278  |o snkČSD 132/13/1964/2 D1  |i snkK 3540/67  |z č. 14 bez obálky, volne vložené  |0 0  |1 0  |4 0  |d 2024-02-15  |l 0  |r 2026-02-21 19:49:18  |w 2026-02-21 
952 |t č. 1-13  |a SNK  |b SNK  |y PREZ  |7 0  |p 17A1317971  |o snkČSD 132/14/1965/1 D2  |0 0  |1 0  |4 0  |d 2025-07-03  |l 0  |r 2026-02-21 20:01:41  |w 2026-02-21 
952 |t č. 14-26  |a SNK  |b SNK  |y PREZ  |7 0  |p 17A1318167  |o snkČSD 132/24/1975/2 D1  |i snkČSP 825/76  |0 0  |1 0  |4 0  |d 2026-01-07  |l 1  |r 2026-03-11 16:54:35  |s 2026-03-11  |w 2026-02-21 
952 |t č. 14-26  |a SNK  |b SNK  |y PREZ  |7 0  |p 17A0688895  |o snkČSD 132/32/1983/2 D1  |i snkČSP 994/84  |0 0  |1 0  |4 0  |d 2011-02-21  |l 0  |r 2026-02-21 20:05:35  |w 2026-02-21 
952 |t č. 17-26  |a SNK  |b SNK  |y PREZ  |7 0  |p 17A0175801  |o snkČSD 132/39/1990/3 D1  |0 0  |1 0  |4 0  |d 1999-01-21  |l 0  |r 2005-01-02 00:00:00  |w 2026-02-21 
952 |t č. 14-26  |a SNK  |b SNK  |y PREZ  |7 0  |p 17A0121580  |o snkČSD 132/27/1978/2 D1  |0 0  |1 0  |4 0  |d 1998-02-02  |l 1  |r 2026-03-17 15:05:12  |s 2026-03-17  |w 2026-02-21 
952 |t č. 1-13  |a SNK  |b SNK  |y PREZ  |7 0  |p 17A0311572  |o snkČSD 132/28/1979/1  |i snkČSP 596/80  |f 1  |0 0  |1 0  |4 0  |d 2001-08-27  |l 0  |r 2005-01-02 00:00:00  |w 2026-02-21 
952 |t č. 1-13  |a SNK  |b SNK  |y PREZ  |7 0  |p 17A0519338  |o snkČSD 132/27/1978/1  |i snkČSP 51/78  |f 1  |0 0  |1 0  |4 0  |d 2006-09-08  |l 0  |r 2026-02-21 20:18:16  |w 2026-02-21 
952 |t č. 1-13  |a SNK  |b SNK  |y PREZ  |7 0  |p 17A0729618  |o snkČSD 132/20/1971/1  |i snkČSP 371/72  |f 1  |0 0  |1 0  |4 0  |d 2014-02-27  |l 0  |r 2026-02-21 20:19:48  |w 2026-02-21 
952 |t č. 1-13  |a SNK  |b SNK  |y PREZ  |7 0  |p 17A0540168  |o snkČSD 132/10/1961/1 D2  |i snkK 2903/63  |8 3  |3 rekatalogizácia  |0 0  |1 0  |4 0  |d 2007-02-16  |l 0  |r 2026-02-21 20:19:54  |w 2026-02-21 
952 |t č. 1-13  |a SNK  |b SNK  |y PREZ  |7 0  |p 17A0121578  |o snkČSD 132/27/1978/1 D1  |i snkČSP 53/78  |3 rekatalogizácia  |0 0  |1 0  |4 0  |d 2008-06-21  |l 1  |r 2026-03-17 15:05:16  |s 2026-03-17  |w 2026-02-21 
952 |t č. 1-13  |a SNK  |b SNK  |y PREZ  |7 0  |p 17A0082018  |o snkČSD 132/31/1982/1 D1  |0 0  |1 0  |4 0  |d 1997-07-16  |l 0  |r 2005-01-02 00:00:00  |w 2026-02-21 
952 |t č. 14-26  |a SNK  |b SNK  |y PREZ  |7 0  |p 17A0091443  |o snkČSD 132/36/1987/2 D1  |0 0  |1 0  |4 0  |d 1997-09-03  |l 0  |r 2005-01-02 00:00:00  |w 2026-02-21 
952 |t č. 14-26  |a SNK  |b SNK  |y PREZ  |7 0  |p 17A0166691  |o snkČSD 132/36/1987/2  |i snkČSP 4455/88  |f 1  |0 0  |1 0  |4 0  |d 1998-10-21  |l 0  |r 2005-01-02 00:00:00  |w 2026-02-21 
952 |t č. 13-26  |a SNK  |b SNK  |y PREZ  |7 0  |p 17A0729614  |o snkČSD 132/12/1963/2  |i snkČSP 6/64  |f 1  |0 0  |1 0  |4 0  |d 2014-03-10  |l 0  |r 2026-02-21 20:32:18  |w 2026-02-21 
952 |t č. 9-16  |a SNK  |b SNK  |y PREZ  |7 0  |p 17A0102203  |o snkČSD 132/39/1990/2 D1  |0 0  |1 0  |4 0  |d 1997-10-18  |l 0  |r 2005-01-02 00:00:00  |w 2026-02-21 
952 |t č. 9-16  |a SNK  |b SNK  |y PREZ  |7 0  |p 17A0102522  |o snkČSD 132/39/1990/2  |i snkČSP 1507/91  |f 1  |0 0  |1 0  |4 0  |d 1997-10-20  |l 0  |r 2005-01-02 00:00:00  |w 2026-02-21 
952 |t č. 1-12  |a SNK  |b SNK  |y PREZ  |7 0  |p 17A0105272  |o snkČSD 132/4/1955 D1  |0 0  |1 0  |4 0  |d 1997-10-27  |l 0  |r 2005-01-02 00:00:00  |w 2026-02-21 
952 |t č. 1-12  |a SNK  |b SNK  |y PREZ  |7 0  |p 17A0105103  |o snkČSD 132/4/1955  |i snkČSP 103/56  |f 1  |0 0  |1 0  |4 0  |d 1997-10-27  |l 0  |r 2005-01-02 00:00:00  |w 2026-02-21 
952 |t č. 1-12  |a SNK  |b SNK  |y PREZ  |7 0  |p 17A0105213  |o snkČSD 132/3/1954 D1  |0 0  |1 0  |4 0  |d 1997-10-27  |l 0  |r 2005-01-02 00:00:00  |w 2026-02-21 
952 |t č. 1-13  |a SNK  |b SNK  |y PREZ  |7 0  |p 17A0107309  |o snkČSD 132/29/1980/1  |i snkČSP 1581/80  |f 1  |0 0  |1 0  |4 0  |d 1997-11-10  |l 0  |r 2005-01-02 00:00:00  |w 2026-02-21 
952 |t č. 1-13  |a SNK  |b SNK  |y PREZ  |7 0  |p 17A0157139  |o snkČSD 132/29/1980/1 D1  |0 0  |1 0  |4 0  |d 1998-09-02  |l 0  |r 2005-01-02 00:00:00  |w 2026-02-21 
952 |t č. 14-26  |a SNK  |b SNK  |y PREZ  |7 0  |p 17A0107385  |o snkČSD 132/29/1980/2 D1  |0 0  |1 0  |4 0  |d 1997-11-10  |l 0  |r 2005-01-02 00:00:00  |w 2026-02-21 
952 |t č. 14-26  |a SNK  |b SNK  |y PREZ  |7 0  |p 17A0107139  |o snkČSD 132/27/1978/2  |i snkČSP 52/78  |f 1  |0 0  |1 0  |4 0  |d 1997-11-12  |l 0  |r 2005-01-02 00:00:00  |w 2026-02-21 
952 |t č. 1-13  |a SNK  |b SNK  |y PREZ  |7 0  |p 17A0250897  |o snkČSD 132/15/1966/1  |i snkČSP 774/67  |f 1  |0 0  |1 0  |4 0  |d 2000-09-04  |l 0  |r 2005-01-02 00:00:00  |w 2026-02-21 
952 |t č. 14-26  |a SNK  |b SNK  |y PREZ  |7 0  |p 17A0250864  |o snkČSD 132/15/1966/2  |i snkČSP 775/67  |f 1  |0 0  |1 0  |4 0  |d 2000-09-04  |l 0  |r 2005-01-02 00:00:00  |w 2026-02-21 
952 |t č. 1-12  |a SNK  |b SNK  |y PREZ  |7 0  |p 17A7633027  |o snkČSD 132/7/1958 D1  |i snkČSP 575/55  |0 0  |1 0  |4 0  |d 2012-02-10  |l 0  |r 2026-02-21 20:40:29  |w 2026-02-21 
952 |t č. 1-13  |a SNK  |b SNK  |y PREZ  |7 0  |p 17A0729624  |o snkČSD 132/24/1975/1  |i snkČSP 822/76  |f 1  |0 0  |1 0  |4 0  |d 2014-02-28  |l 0  |r 2026-02-21 20:41:30  |w 2026-02-21 
952 |t č. 14-26  |a SNK  |b SNK  |y PREZ  |7 0  |p 17A0729625  |o snkČSD 132/24/1975/2  |i snkČSP 823/76  |f 1  |0 0  |1 0  |4 0  |d 2014-02-28  |l 0  |r 2026-02-21 20:41:30  |w 2026-02-21 
952 |t č. 1-13  |a SNK  |b SNK  |y PREZ  |7 0  |p 17A0729626  |o snkČSD 132/26/1977/1  |i snkČSP 419/77  |f 1  |0 0  |1 0  |4 0  |d 2014-02-28  |l 0  |r 2026-02-21 20:41:31  |w 2026-02-21 
952 |t č. 14-26  |a SNK  |b SNK  |y PREZ  |7 0  |p 17A0729627  |o snkČSD 132/26/1977/2   |i snkČSP 420/77  |f 1  |0 0  |1 0  |4 0  |d 2014-02-28  |l 0  |r 2026-02-21 20:41:31  |w 2026-02-21 
952 |t č. 1-13  |a SNK  |b SNK  |y PREZ  |7 0  |p 17A0729628  |o snkČSD 132/31/1982/1  |i snkČSP 1631/82  |f 1  |0 0  |1 0  |4 0  |d 2014-02-28  |l 0  |r 2026-02-21 20:41:31  |w 2026-02-21 
952 |t č. 14-26  |a SNK  |b SNK  |y PREZ  |7 0  |p 17A0729629  |o snkČSD 132/31/1982/2  |i snkČSP 841/83  |f 1  |0 0  |1 0  |4 0  |d 2014-02-28  |l 0  |r 2026-02-21 20:41:31  |w 2026-02-21 
952 |t č. 1-12  |a SNK  |b SNK  |y PREZ  |7 0  |p 17A0729606  |o snkČSD 132/5/1956  |i snkČSP 34/57  |f 1  |0 0  |1 0  |4 0  |d 2014-02-27  |l 0  |r 2026-02-21 20:41:35  |w 2026-02-21 
952 |t č. 1-12  |a SNK  |b SNK  |y PREZ  |7 0  |p 17A0729607  |o snkČSD 132/6/1957  |i snkČSP 557/58  |f 1  |0 0  |1 0  |4 0  |d 2014-02-27  |l 0  |r 2026-02-21 20:41:40  |w 2026-02-21 
952 |t č. 13-24  |a SNK  |b SNK  |y PREZ  |7 0  |p 17A0729609  |o snkČSD 132/9/1960/2   |i snkČSP 1066/61  |f 1  |0 0  |1 0  |4 0  |d 2014-02-27  |l 0  |r 2026-02-21 20:41:40  |w 2026-02-21 
952 |t č. 1-13  |a SNK  |b SNK  |y PREZ  |7 0  |p 17A0729610  |o snkČSD 132/10/1961/1   |i snkČSP 259/62  |f 1  |0 0  |1 0  |4 0  |d 2014-02-27  |l 0  |r 2026-02-21 20:41:40  |w 2026-02-21 
952 |t č. 14-26  |a SNK  |b SNK  |y PREZ  |7 0  |p 17A0729611  |o snkČSD 132/10/1961/2  |i snkČSP 260/62  |f 1  |0 0  |1 0  |4 0  |d 2014-02-27  |l 0  |r 2026-02-21 20:41:40  |w 2026-02-21 
952 |t č. 1-13  |a SNK  |b SNK  |y PREZ  |7 0  |p 17A0729612  |o snkČSD 132/11/1962/1   |i snkČSP 589/63  |f 1  |0 0  |1 0  |4 0  |d 2014-02-27  |l 0  |r 2026-02-21 20:41:40  |w 2026-02-21 
952 |t č. 1-12  |a SNK  |b SNK  |y PREZ  |7 0  |p 17A0729613  |o snkČSD 132/12/1963/1  |i snkČSP 5/64  |f 1  |0 0  |1 0  |4 0  |d 2014-02-27  |l 0  |r 2026-02-21 20:41:40  |w 2026-02-21 
952 |t č. 14-26  |a SNK  |b SNK  |y PREZ  |7 0  |p 17A0729617  |o snkČSD 132/18/1969/2  |i snkČSP 50/90  |f 1  |0 0  |1 0  |4 0  |d 2014-02-27  |l 0  |r 2026-02-21 20:41:40  |w 2026-02-21 
952 |t č. 14-26  |a SNK  |b SNK  |y PREZ  |7 0  |p 17A0729619  |o snkČSD 132/20/1971/2  |i snkČSP 372/72  |f 1  |0 0  |1 0  |4 0  |d 2014-02-27  |l 0  |r 2026-02-21 20:41:40  |w 2026-02-21 
952 |t č. 1-13  |a SNK  |b SNK  |y PREZ  |7 0  |p 17A0729620  |o snkČSD 132/21/1972/1  |i snkČSP 274/73  |f 1  |0 0  |1 0  |4 0  |d 2014-02-27  |l 0  |r 2026-02-21 20:41:40  |w 2026-02-21 
952 |t č. 14-26  |a SNK  |b SNK  |y PREZ  |7 0  |p 17A0729621  |o snkČSD 132/21/1972/2  |i snkČSP 275/73  |f 1  |0 0  |1 0  |4 0  |d 2014-02-27  |l 0  |r 2026-02-21 20:41:40  |w 2026-02-21 
952 |t č. 1-13  |a SNK  |b SNK  |y PREZ  |7 0  |p 17A0729622  |o snkČSD 132/22/1973/1  |i snkČSP 1202/73  |f 1  |0 0  |1 0  |4 0  |d 2014-02-27  |l 0  |r 2026-02-21 20:41:40  |w 2026-02-21 
952 |t č. 14-26  |a SNK  |b SNK  |y PREZ  |7 0  |p 17A0729623  |o snkČSD 132/22/1973/2  |i snkČSP 78/74  |f 1  |0 0  |1 0  |4 0  |d 2014-02-27  |l 0  |r 2026-02-21 20:41:40  |w 2026-02-21 
952 |t č. 1-8  |a SNK  |b SNK  |y PREZ  |7 0  |p 17A0175080  |o snkČSD 132/40/1991 D1  |0 0  |1 0  |4 0  |d 1999-01-04  |l 0  |r 2005-01-02 00:00:00  |w 2026-02-21 
952 |t č. 1-8  |a SNK  |b SNK  |y PREZ  |7 0  |p 17A0115761  |o snkČSD 132/40/1991  |i snkČSP 1903/93  |f 1  |0 0  |1 0  |4 0  |d 1997-12-19  |l 0  |r 2005-01-02 00:00:00  |w 2026-02-21 
952 |t č. 1-13  |a SNK  |b SNK  |y PREZ  |7 0  |p 17A0117213  |o snkČSD 132/38/1989/1  |i snkČSP 5017/90  |f 1  |0 0  |1 0  |4 0  |d 1998-01-10  |l 0  |r 2005-01-02 00:00:00  |w 2026-02-21 
952 |t č. 1-13  |a SNK  |b SNK  |y PREZ  |7 0  |p 17A0120774  |o snkČSD 132/38/1989/1 D1  |0 0  |1 0  |4 0  |d 1998-01-27  |l 0  |r 2005-01-02 00:00:00  |w 2026-02-21 
952 |t č. 1-13  |a SNK  |b SNK  |y PREZ  |7 0  |p 17A0124239  |o snkČSD 132/33/1984/1 D1  |0 0  |1 0  |4 0  |d 1998-02-28  |l 0  |r 2005-01-02 00:00:00  |w 2026-02-21 
952 |t č. 1-13  |a SNK  |b SNK  |y PREZ  |7 0  |p 17A0304684  |o snkČSD 132/33/1984/1  |i snkČSP 1125/85  |f 1  |0 0  |1 0  |4 0  |d 2001-06-14  |l 0  |r 2005-01-02 00:00:00  |w 2026-02-21 
952 |t č. 14-26  |a SNK  |b SNK  |y PREZ  |7 0  |p 17A0126905  |o snkČSD 132/33/1984/2 D1  |0 0  |1 0  |4 0  |d 1998-02-28  |l 0  |r 2005-01-02 00:00:00  |w 2026-02-21 
952 |t č. 14-26  |a SNK  |b SNK  |y PREZ  |7 0  |p 17A0304417  |o snkČSD 132/33/1984/2  |i snkČSP 1126/85  |f 1  |0 0  |1 0  |4 0  |d 2001-06-14  |l 0  |r 2005-01-02 00:00:00  |w 2026-02-21 
952 |t č. 14-26  |a SNK  |b SNK  |y PREZ  |7 0  |p 17A0304418  |o snkČSD 132/31/1982/2 D1  |0 0  |1 0  |4 0  |d 2001-06-14  |l 0  |r 2005-01-02 00:00:00  |w 2026-02-21 
952 |t č. 1-13  |a SNK  |b SNK  |y PREZ  |7 0  |p 17A0304419  |o snkČSD 132/32/1983/1  |i snkČSP 487/84  |f 1  |0 0  |1 0  |4 0  |d 2001-06-14  |l 0  |r 2005-01-02 00:00:00  |w 2026-02-21 
952 |t 1-13  |a SNK  |b SNK  |y PREZ  |7 0  |p 17A0317663  |o snkČSD 132/32/1983/1 D1  |i snkČSP 428/84  |0 0  |1 0  |4 0  |d 2001-10-03  |l 0  |r 2005-01-02 00:00:00  |w 2026-02-21 
952 |t č. 14-26  |a SNK  |b SNK  |y PREZ  |7 0  |p 17A0304710  |o snkČSD 132/32/1983/2  |i snkČSP 993/84  |f 1  |0 0  |1 0  |4 0  |d 2001-06-14  |l 0  |r 2005-01-02 00:00:00  |w 2026-02-21 
952 |t č. 1-13  |a SNK  |b SNK  |y PREZ  |7 0  |p 17A0311913  |o snkČSD 132/34/1985/1 D1  |0 0  |1 0  |4 0  |d 2001-08-27  |l 0  |r 2005-01-02 00:00:00  |w 2026-02-21 
952 |t č. 1-10  |a SNK  |b SNK  |y PREZ  |7 0  |p 17A0142290  |o snkČSD 132/1/1952  |i snk 411/53  |f 1  |0 0  |1 0  |4 0  |d 1998-05-27  |l 0  |r 2005-01-02 00:00:00  |w 2026-02-21 
952 |t č. 1-10  |a SNK  |b SNK  |y PREZ  |7 0  |p 17A0315267  |o snkČSD 132/1/1952 D2  |0 0  |1 0  |4 0  |d 2001-09-10  |l 0  |r 2005-01-02 00:00:00  |w 2026-02-21 
952 |t č. 1-13  |a SNK  |b SNK  |y PREZ  |7 0  |p 17A0370580  |o snkČSD 132/19/1970/1  |i snkČSP 149/71  |f 1  |0 0  |1 0  |4 0  |d 2003-01-22  |l 0  |r 2005-01-02 00:00:00  |w 2026-02-21 
952 |t č. 14-26  |a SNK  |b SNK  |y PREZ  |7 0  |p 17A0370579  |o snkČSD 132/19/1970/2  |i snkČSP 150/71  |f 1  |0 0  |1 0  |4 0  |d 2003-01-22  |l 0  |r 2005-01-02 00:00:00  |w 2026-02-21 
952 |t č. 1-24  |a SNK  |b SNK  |y PREZ  |7 0  |p 17A0729608  |o snkČSD 132/8/1959  |i snkČSP 1172/60  |z č. 1-24  |f 1  |0 0  |1 0  |4 0  |d 2003-08-18  |l 0  |r 2005-01-02 00:00:00  |w 2026-02-21 
952 |t č. 14-26  |a SNK  |b SNK  |y PREZ  |7 0  |p 17A0157159  |o snkČSD 132/29/1980/2  |i snkČSP 268/81  |f 1  |0 0  |1 0  |4 0  |d 1998-09-02  |l 0  |r 2005-01-02 00:00:00  |w 2026-02-21 
952 |t č. 14-26  |a SNK  |b SNK  |y PREZ  |7 0  |p 17A0167015  |o snkČSD 132/30/1981/2  |i snkČSP 1397/82  |f 1  |0 0  |1 0  |4 0  |d 1998-11-14  |l 0  |r 2005-01-02 00:00:00  |w 2026-02-21 
952 |t č. 14-26  |a SNK  |b SNK  |y PREZ  |7 0  |p 17A0172731  |o snkČSD 132/30/1981/2 D1  |0 0  |1 0  |4 0  |d 1998-12-14  |l 0  |r 2005-01-02 00:00:00  |w 2026-02-21 
952 |t č. 1-13  |a SNK  |b SNK  |y PREZ  |7 0  |p 17A0164475  |o snkČSD 132/30/1981/1  |i snkČSP 245/82  |f 1  |0 0  |1 0  |4 0  |d 1998-10-31  |l 0  |r 2005-01-02 00:00:00  |w 2026-02-21 
952 |t č. 1-13  |a SNK  |b SNK  |y PREZ  |7 0  |p 17A0173486  |o snkČSD 132/30/1981/1 D1  |0 0  |1 0  |4 0  |d 1998-12-14  |l 0  |r 2005-01-02 00:00:00  |w 2026-02-21 
952 |t č. 1-13  |a SNK  |b SNK  |y PREZ  |7 0  |p 17A0173835  |o snkČSD 132/35/1986/1 D1  |0 0  |1 0  |4 0  |d 1998-12-14  |l 0  |r 2005-01-02 00:00:00  |w 2026-02-21 
952 |t č. 1-13  |a SNK  |b SNK  |y PREZ  |7 0  |p 17A0321310  |o snkČSD 132/35/1986/1  |i snkČSP 2707/87  |f 1  |0 0  |1 0  |4 0  |d 2001-11-19  |l 0  |r 2005-01-02 00:00:00  |w 2026-02-21 
952 |t č. 14-26  |a SNK  |b SNK  |y PREZ  |7 0  |p 17A0173687  |o snkČSD 132/35/1986/2 D1  |0 0  |1 0  |4 0  |d 1998-12-14  |l 0  |r 2005-01-02 00:00:00  |w 2026-02-21 
952 |t č. 14-26  |a SNK  |b SNK  |y PREZ  |7 0  |p 17A0218958  |o snkČSD 132/35/1986/2  |i snkČSP 2709/87  |f 1  |0 0  |1 0  |4 0  |d 1999-11-22  |l 0  |r 2005-01-02 00:00:00  |w 2026-02-21 
952 |t č. 1-12  |a SNK  |b SNK  |y PREZ  |7 0  |p 17A0729605  |o snkČSD 132/3/1954  |i snkII.1774/55  |f 1  |0 0  |1 0  |4 0  |d 2014-02-27  |l 0  |r 2026-02-21 21:20:35  |w 2026-02-21 
952 |t č. 1-13  |a SNK  |b SNK  |y PREZ  |7 0  |p 17A1053634  |o snkČSD 132/22/1973/1 D1  |i snkČSP 1203/73  |0 0  |1 0  |4 0  |d 2013-01-22  |l 0  |r 2026-02-21 21:23:45  |w 2026-02-21 
952 |t č. 1-13  |a SNK  |b SNK  |y PREZ  |7 0  |p 17A0178751  |o snkČSD 132/37/1988/1 D1  |0 0  |1 0  |4 0  |d 1999-01-28  |l 0  |r 2005-01-02 00:00:00  |w 2026-02-21 
952 |t č. 17-26  |a SNK  |b SNK  |y PREZ  |7 0  |p 17A0172207  |o snkČSD 132/39/1990/3  |i snkČSP 1509/91  |f 1  |0 0  |1 0  |4 0  |d 2001-02-07  |l 0  |r 2005-01-02 00:00:00  |w 2026-02-21 
952 |t č. 1-12  |a SNK  |b SNK  |y PREZ  |7 0  |p 17A0187135  |o snkČSD 132/2/1953 D3  |0 0  |1 0  |4 0  |d 1999-03-17  |l 0  |r 2005-01-02 00:00:00  |w 2026-02-21 
952 |t č. 1-12  |a SNK  |b SNK  |y PREZ  |7 0  |p 17A0255075  |o snkČSD 132/2/1953 D1  |0 0  |1 0  |4 0  |d 2000-10-23  |l 0  |r 2005-01-02 00:00:00  |w 2026-02-21 
952 |t č. 1-12  |a SNK  |b SNK  |y PREZ  |7 0  |p 17A0315956  |o snkČSD 132/2/1953  |i snkII.367/54  |f 1  |0 0  |1 0  |4 0  |d 2001-09-18  |l 0  |r 2005-01-02 00:00:00  |w 2026-02-21 
952 |t č. 1-13  |a SNK  |b SNK  |y PREZ  |7 0  |p 17A1053691  |o snkČSD 132/9/1960/1 D1  |i snkČSP 502/62  |0 0  |1 0  |4 0  |d 2013-01-28  |l 0  |r 2026-02-21 21:30:35  |w 2026-02-21 
952 |t č. 14-26  |a SNK  |b SNK  |y PREZ  |7 0  |p 17A0729616  |o snkČSD 132/16/1967/2  |i snkČSP 257/68  |f 1  |0 0  |1 0  |4 0  |d 1996-12-06  |l 0  |r 2005-01-01 00:00:00  |w 2026-02-21 
952 |t č. 1-13  |a SNK  |b SNK  |y PREZ  |7 0  |p 17A0020266  |o snkČSD 132/36/1987/1 D1  |i snkČSP 4454/88  |0 0  |1 0  |4 0  |d 1996-11-22  |l 0  |r 2005-01-01 00:00:00  |w 2026-02-21 
952 |t č. 1-13  |a SNK  |b SNK  |y PREZ  |7 0  |p 17A0297054  |o snkČSD 132/36/1987/1  |i snkČSP 4453/88  |f 1  |0 0  |1 0  |4 0  |d 2001-04-06  |l 0  |r 2005-01-01 00:00:00  |w 2026-02-21 
952 |t č. 14-26  |a SNK  |b SNK  |y PREZ  |7 0  |p 17A0020471  |o snkČSD 132/17/1968/2 D1  |0 0  |1 0  |4 0  |d 1996-11-22  |l 0  |r 2005-01-01 00:00:00  |w 2026-02-21 
952 |t č. 14-26  |a SNK  |b SNK  |y PREZ  |7 0  |p 17A0091454  |o snkČSD 132/17/1968/2  |i snkČSP 389/69  |f 1  |0 0  |1 0  |4 0  |d 1997-08-28  |l 0  |r 2005-01-01 00:00:00  |w 2026-02-21 
952 |t č. 1-13  |a SNK  |b SNK  |y PREZ  |7 0  |p 17A0020450  |o snkČSD 132/17/1968/1 D1  |0 0  |1 0  |4 0  |d 1996-11-22  |l 0  |r 2005-01-01 00:00:00  |w 2026-02-21 
952 |t č. 14-26  |a SNK  |b SNK  |y PREZ  |7 0  |p 17A0022939  |o snkČSD 132/37/1988/2  |i snkČSP 4939/89  |f 1  |0 0  |1 0  |4 0  |d 1996-11-28  |l 0  |r 2005-01-01 00:00:00  |w 2026-02-21 
952 |t č. 14-26  |a SNK  |b SNK  |y PREZ  |7 0  |p 17A0217879  |o snkČSD 132/37/1988/2 D1  |0 0  |1 0  |4 0  |d 1999-10-29  |l 0  |r 2005-01-01 00:00:00  |w 2026-02-21 
952 |t č. 1-13  |a SNK  |b SNK  |y PREZ  |7 0  |p 17A0022787  |o snkČSD 132/37/1988/1  |i snkČSP 4937/89  |f 1  |0 0  |1 0  |4 0  |d 1996-11-28  |l 0  |r 2005-01-01 00:00:00  |w 2026-02-21 
952 |t č. 1-8  |a SNK  |b SNK  |y PREZ  |7 0  |p 17A0024520  |o snkČSD 132/39/1990/1 D1  |0 0  |1 0  |4 0  |d 1996-12-04  |l 0  |r 2005-01-01 00:00:00  |w 2026-02-21 
952 |t č. 1-8  |a SNK  |b SNK  |y PREZ  |7 0  |p 17A0102502  |o snkČSD 132/39/1990/1  |f 1  |0 0  |1 0  |4 0  |d 1997-10-18  |l 0  |r 2005-01-01 00:00:00  |w 2026-02-21 
952 |t č. 1-13  |a SNK  |b SNK  |y PREZ  |7 0  |p 17A0729615  |o snkČSD 132/16/1967/1  |i snkČSP 256/68  |f 1  |0 0  |1 0  |4 0  |d 1996-12-06  |l 0  |r 2005-01-01 00:00:00  |w 2026-02-21 
952 |t č. 14-26  |a SNK  |b SNK  |y PREZ  |7 0  |p 17A0030616  |o snkČSD 132/34/1985/2 D1  |0 0  |1 0  |4 0  |d 1997-01-17  |l 0  |r 2005-01-01 00:00:00  |w 2026-02-21 
952 |t č. 1-13  |a SNK  |b SNK  |y PREZ  |7 0  |p 17A0407096  |o snkČSD 132/34/1985/1  |i snkČSP 2537/86  |f 1  |0 0  |1 0  |4 0  |d 2004-01-12  |l 0  |r 2005-01-01 00:00:00  |w 2026-02-21 
952 |t č. 14-26  |a SNK  |b SNK  |y PREZ  |7 0  |p 17A0030597  |o snkČSD 132/38/1989/2 D1  |0 0  |1 0  |4 0  |d 1997-01-17  |l 0  |r 2005-01-01 00:00:00  |w 2026-02-21 
952 |t č. 14-26  |a SNK  |b SNK  |y PREZ  |7 0  |p 17A0107324  |o snkČSD 132/38/1989/2  |i snkČSP 5019/90  |f 1  |0 0  |1 0  |4 0  |d 1997-11-12  |l 0  |r 2005-01-01 00:00:00  |w 2026-02-21 
952 |t č. 14-26  |a SNK  |b SNK  |y PREZ  |7 0  |p 17A0030557  |o snkČSD 132/22/1973/2 D2  |0 0  |1 0  |4 0  |d 1997-01-20  |l 0  |r 2005-01-01 00:00:00  |w 2026-02-21 
952 |t č. 14-26  |a SNK  |b SNK  |y PREZ  |7 0  |p 17A0199837  |o snkČSD 132/13/1964/2  |i snkČSP 236/65  |f 1  |0 0  |1 0  |4 0  |d 1999-06-30  |l 0  |r 2005-01-02 00:00:00  |w 2026-02-21 
952 |t č. 1-13  |a SNK  |b SNK  |y PREZ  |7 0  |p 17A0339818  |o snkČSD 132/14/1965/1  |i snkČSP 183/66  |f 1  |0 0  |1 0  |4 0  |d 2002-04-18  |l 0  |r 2005-01-02 00:00:00  |w 2026-02-21 
952 |t č. 14-26  |a SNK  |b SNK  |y PREZ  |7 0  |p 17A0339816  |o snkČSD 132/14/1965/2  |i snkČSP 184/66  |f 1  |0 0  |1 0  |4 0  |d 2002-04-18  |l 0  |r 2005-01-02 00:00:00  |w 2026-02-21 
952 |t č. 1-13  |a SNK  |b SNK  |y PREZ  |7 0  |p 17A0199839  |o snkČSD 132/13/1964/1  |i snkČSP 235/65  |f 1  |0 0  |1 0  |4 0  |d 1999-06-30  |l 0  |r 2005-01-02 00:00:00  |w 2026-02-21 
952 |a SNK  |b SNK  |y PREZ  |7 0  |p 17A0388098  |o snkČSD 132/11/1962/1 D1  |i snkČSP 391/64  |z č. 1-13  |0 0  |1 0  |4 0  |d 2003-06-25  |l 0  |r 2005-01-02 00:00:00  |w 2026-02-21 
952 |t č. 14-26  |a SNK  |b SNK  |y PREZ  |7 0  |p 17A0388035  |o snkČSD 132/11/1962/2  |i snkČSP 667/63  |z č. 14-26  |f 1  |0 0  |1 0  |4 0  |d 2003-06-25  |l 0  |r 2005-01-02 00:00:00  |w 2026-02-21 
952 |t č. 1-13  |a SNK  |b SNK  |y PREZ  |7 0  |p 17A0209515  |o snkČSD 132/23/1974/1 D1  |0 0  |1 0  |4 0  |d 1999-09-02  |l 0  |r 2005-01-02 00:00:00  |w 2026-02-21 
952 |t č. 1-13  |a SNK  |b SNK  |y PREZ  |7 0  |p 17A0223870  |o snkČSD 132/23/1974/1  |i snkČSP 1260/74  |f 1  |0 0  |1 0  |4 0  |d 2000-01-18  |l 0  |r 2005-01-02 00:00:00  |w 2026-02-21 
952 |t č. 14-26  |a SNK  |b SNK  |y PREZ  |7 0  |p 17A0209675  |o snkČSD 132/23/1974/2  |i snkČSP 458/75  |f 1  |0 0  |1 0  |4 0  |d 1999-09-03  |l 0  |r 2005-01-02 00:00:00  |w 2026-02-21 
952 |t č. 1-12  |a SNK  |b SNK  |y PREZ  |7 0  |p 17A0207893  |o snkČSD 132/7/1958  |i snkČSP 574/59  |f 1  |0 0  |1 0  |4 0  |d 1999-08-24  |l 0  |r 2005-01-02 00:00:00  |w 2026-02-21 
952 |t č. 14-26  |a SNK  |b SNK  |y PREZ  |7 0  |p 17A0611162  |o snkČSD 132/34/1985/2  |i snkČSP 2539/86  |f 1  |0 0  |1 0  |4 0  |d 2009-02-23  |l 0  |r 2026-02-21 21:40:55  |w 2026-02-21 
952 |t č. 14-26  |a SNK  |b SNK  |y PREZ  |7 0  |p 17A1152700  |o snkČSD 132/23/1974/2 D1  |i snkČSP 457/75  |z č. 14-26  |0 0  |1 0  |4 0  |d 2017-09-13  |l 0  |r 2026-02-21 21:55:59  |w 2026-02-21 
952 |t č. 1-13  |a SNK  |b SNK  |y PREZ  |7 0  |p 17A1154173  |o snkČSD 132/25/1976/1 D1  |i snkČSP 531/77  |0 0  |1 0  |4 0  |d 2018-10-23  |l 1  |r 2026-03-11 16:54:31  |s 2026-03-11  |w 2026-02-21 
952 |t č. 14-26  |a SNK  |b SNK  |y PREZ  |7 0  |p 17A1154172  |o snkČSD 132/25/1976/2 D1  |i snkČSP 533/77  |0 0  |1 0  |4 0  |d 2018-10-23  |l 1  |r 2026-03-11 16:54:24  |s 2026-03-11  |w 2026-02-21 
952 |t č. 14-26  |a SNK  |b SNK  |y PREZ  |7 0  |p 17A1188921  |o snkČSD 132/10/1961/2 D1  |z č. 14-26  |0 0  |1 0  |4 0  |d 2017-12-06  |l 0  |r 2026-02-21 22:18:36  |w 2026-02-21 
952 |a SNK  |b SNK  |y PREZ  |7 0  |p 17A1188920  |o snkČSD 132/11/1962/2 D1  |0 0  |1 0  |4 0  |d 2017-12-06  |l 0  |r 2026-02-21 22:18:36  |w 2026-02-21 
952 |t č. 14-26  |a SNK  |b SNK  |y PREZ  |7 0  |p 17A1152401  |o snkČSD 132/15/1966/2 D1  |i snkČSP 1878/76  |z chýba č. 15  |0 0  |1 0  |4 0  |d 2017-07-18  |l 0  |r 2026-02-21 22:25:35  |w 2026-02-21 
952 |t č. 14-26  |a SNK  |b SNK  |y PREZ  |7 0  |p 17A0026190  |o snkČSD 132/16/1967/2 D1  |i snkČSP 287//69  |0 0  |1 0  |4 0  |d 2017-07-18  |l 0  |r 2026-02-21 22:25:35  |w 2026-02-21 
952 |t č. 1-13  |a SNK  |b SNK  |y PREZ  |7 0  |p 17A0026197  |o snkČSD 132/16/1967/1 D1  |i snkČSP 386/69  |0 0  |1 0  |4 0  |d 2017-07-18  |l 0  |r 2026-02-21 22:25:35  |w 2026-02-21